| 000 | 00499nam a2200193 a 4500 | ||
|---|---|---|---|
| 001 | 1758256382997 | ||
| 003 | ACL | ||
| 005 | 20250919100526.0 | ||
| 008 | 250919s1999##################000#0#eng## | ||
| 020 | _a9780198117452 | ||
| 082 | 0 | 4 |
_a792.95 _bWOR |
| 100 | 1 |
_aWorth, Katharine, _eauthor. |
|
| 245 | 1 | 0 | _aSamuel Beckett's Theatre : |
| 260 |
_bOxford University Press on Demand, _c1999. |
||
| 300 | _a192 pages | ||
| 650 | 0 | _aLiterary Criticism. | |
| 942 | _cENGLISH | ||
| 040 |
_aACL _beng _cACL |
||
| 999 |
_c587899 _d587899 |
||